01205 a2200205 45000010008000000030009000080050017000170080041000340200018000750400038000930410008001310800014001391000016001532450043001692600033002123000011002454900020002565200666002766500057009425148473UA-OsUOA20260318160236.0200228b pl ||||| |||| 00| 0 pol d a9788375689143 aUA-OsUOAbpolcUA-OsUOAdUA-OsUOA apol a821.162.1 aNienacki Z. aKsięga strachówcZbigniew Nienacki bSiedmiorógc2012aWrocław a320 s. aPan Samochodzik aTytulowy bohater, pan Tomasz, tym razem poszukuje pamietnika niemieckiego oficera z czasów II wojny swiatowej. Po raz kolejny towarzysza mu trzej dzielni harcerze: Wiewiórka, Sokole Oko i Wilhelm Tell, a przeciwnicy jak zwykle sa okrutni i bezwzgledni. Kim oni sa? Komu jeszcze zalezy na odnalezieniu kompromitujacych wyznan zbrodniarza wojennego? I kto pierwszy odnajdzie kryjówke sprzed lat? Przygody Pana Samochodzika to od kilkudziesieciu lat obowiazkowa lektura mlodych wielbicieli sensacji. Juz miliony czytelników doskonale znaja dziwaczny samochód i jego wlasciciela - specjaliste od ratowania skarbów i rozwiazywania zagadek z przeszlosci. 2UDCa821.162.1 Польська література